| 000 | 01058nam a2200205 i 4500 | ||
|---|---|---|---|
| 001 | 180565 | ||
| 003 | ES-MaACL | ||
| 005 | 20240220155108.0 | ||
| 008 | 120614s1860 sp l |||| | spa d | ||
| 245 | 0 | 0 |
_aColección legislativa de cárceles _b: comprensiva de todas las leyes que se hallan en la novísima recopilación, referentes al ramo, y de todas las disposiciones legales y reglamentarias, expedidas posteriormente hasta 31 de diciembre de 1860 / _cformada de orden de la Dirección General de Establecimientos Penales. |
| 260 |
_aMadrid : _b[s.n.], _c1860 ( _fImp. Nacional) |
||
| 300 |
_av, 349 p., [1] h. pleg. ; _c23 cm. |
||
| 650 |
_aDerecho penitenciario- _zEspaña. _9176229 |
||
| 650 |
_aDerecho penitenciario- _zEspaña. _9176229 |
||
| 710 | 1 |
_aEspaña. _tLeyes, etc. penitenciarias. _93836 |
|
| 710 | 1 |
_aEspaña. _bDirección General de Establecimientos Penales. _9165776 |
|
| 852 |
_aES-MaACL _jD-193 _z.- Donativo Lastres _z.- Dedicatoria manuscrita a Agustín Argüelles de Antonio de Lao |
||
| 942 | _2udc | ||
| 999 |
_c180565 _d180565 |
||